Pokémon par indices progressifs #02 - Statistiques

Statistiques générales
  • Ce quiz a été pris 61 fois
  • Le résultat moyen est 4 sur 6
Statistiques - réponses
# % Correct
77 Pokémon de type Eau sans double type
100%
31 … étant l'évolution d'un Pokémon
96%
22 … n'évoluant pas en un autre Pokémon
94%
4 ... ayant pile deux voyelles dans son nom
76%
2 … n'étant pas de la première génération
32%
1 … ayant des nageoires oranges ! Serpang
26%
Aucun quiz correspondant
Distribution des résultats
% des personnes avec chaque résultat
Percentile par nombre de réponses
Votre historique - résultats
Vous n’avez pas pris ce quiz